000 00448nam a2200157Ia 4500
008 210716s2011 xx 000 0 und d
020 _a9788192153544
041 _aeng
082 _a374.22 THEJ
100 _aThedford, John.
245 _aSmart movies management: cultivating world class people and profits.
_bCultivating world class people and profits.
250 _a1
260 _c2011
300 _axii,204
650 _aGeneral Management
999 _c207500
_d207500